Sports Quiz

Random Sports or Basketball Quiz
Score 0/60 Timer 10:00
12 Plays Today
Seasons Player % Correct
10Karl Malone
95.1%
6Michael Jordan
92.4%
8Shaquille O'Neal
90.2%
9Reggie Miller
87.6%
8David Robinson
84.9%
5 Glenn Robinson
84.4%
8Clifford Robinson
84.4%
8Scottie Pippen
82.4%
8Charles Barkley
81.6%
7Patrick Ewing
81%
7John Stockton
80.6%
5Larry Johnson
79.7%
5Kevin Johnson
79.6%
7Hakeem Olajuwon
77.3%
8Gary Payton
74.7%
7Clyde Drexler
72.8%
8Shawn Kemp
70.6%
7Alonzo Mourning
70.6%
7Tim Hardaway
68.9%
5Anfernee Hardaway
68.9%
5Chris Webber
56.7%
5Chris Mullin
56.6%
6Joe Dumars
54.3%
7John Starks
54.1%
6Dominique Wilkins
53.3%
6Steve Smith
53.3%
9Glen Rice
50.6%
6Grant Hill
49.3%
6Jim Jackson
48.8%
5Mahmoud Abdul-Rauf
48.8%
Seasons Player % Correct
8Mitch Richmond
48.5%
6Rik Smits
41.5%
8Detlef Schrempf
41.3%
8Jeff Hornacek
41%
6Latrell Sprewell
38.2%
5Allan Houston
38%
5Nick Anderson
37.4%
5Kenny Anderson
37.4%
6Vlade Divac
37.2%
8Derrick Coleman
32.3%
5Juwan Howard
30.4%
5Dan Majerle
29.4%
5Sean Elliott
26.6%
5Dell Curry
25.8%
5Nick Van Exel
25.5%
6Christian Laettner
22.8%
6Vin Baker
22.3%
5Dale Ellis
19.5%
7Hersey Hawkins
19.4%
6Kevin Willis
19.3%
5Danny Manning
19.1%
5Michael Finley
18.7%
6Mookie Blaylock
16.2%
5Otis Thorpe
15.1%
6Rod Strickland
14.9%
6Kendall Gill
14.9%
5Antonio McDyess
14.8%
5Rony Seikaly
13%
6Isaiah Rider
11.3%
5Clarence Weatherspoon
8.2%

You're not logged in!

Compare scores with friends on all Sporcle quizzes.
OR
Log In

Sporcle TV

Today on Sporcle TV


Watch our educational content, quiz creation guides, and fun videos on Sporcle TV.

Show Comments

Extras

Top Quizzes Today


Score Distribution

Paid Content

Your Account Isn't Verified!

In order to create a playlist on Sporcle, you need to verify the email address you used during registration. Go to your Sporcle Settings to finish the process.

Report this User

Report this user for behavior that violates our Community Guidelines.

Details: